000 00293nam a2200109 4500
008 160622b xxu||||| |||| 00| 0 eng d
100 _9528
_a Bansal, R, K
245 _aAn English Phonetic Raeder
260 _aOrient longman Bombay
_c1976
300 _aAn English Phonetic Raeder
942 _2ddc
_cBK
999 _c438
_d438